| 000 | 00813nam a2200277Ia 4500 | ||
|---|---|---|---|
| 003 | OSt | ||
| 005 | 20220928112544.0 | ||
| 006 | a|||||r|||| 00| 0 | ||
| 007 | ta | ||
| 008 | 220927b |||||||| |||| 00| 0 eng d | ||
| 020 | _c26884.056 | ||
| 024 | _a116131 | ||
| 037 |
_b102, 31/07/2012, Excel Book International _cTextual |
||
| 040 |
_aSDCL _cSDCL _beng |
||
| 041 |
_2eng _aeng |
||
| 082 | _aL:6, Q0 | ||
| 100 |
_aVogel Friedrich _9428730 |
||
| 245 | 0 |
_aHuman genetics _b Problems and approaches. |
|
| 250 | _a4th | ||
| 260 |
_aHeidelberg _bSpringer _c2010 |
||
| 300 |
_aliii,981p _ccm. |
||
| 650 | _aGenetics | ||
| 700 |
_a Motulsky Arno _9428731 |
||
| 942 |
_hL:6, Q0 _cTEXL _2CC |
||
| 999 |
_c745258 _d745258 |
||